Sports Quiz

Random Sports or Olympics Quiz

Olympic Track Events Quiz Stats

 Plays Quiz not verified by Sporcle

Challenge
Share
Tweet
Embed
Score 0/27 Timer 10:00
0 Plays Today
Event % Correct
100m
96.3%
200m
93.1%
400m
93%
200m
89.7%
800m
76.3%
Long Jump
75.8%
Shot Put
74.4%
Discus
72.9%
1500m
71.7%
High Jump
71.7%
Discus
71%
Triple Jump
67.1%
Pole Vault
64.4%
5000m
61.9%
Event % Correct
10000m
61.8%
Hammer Throw
52.1%
Marathon
46.1%
Decathlon
32.6%
Heptathlon
26.6%
3000m steeplechase
25.4%
110-meter hurdles
13.8%
4x100-meter relay
10.3%
100-meter hurdles
10.3%
400-meter hurdles
10.3%
4x400-meter relay
8.1%
50km walk
6.3%
20km walk
6.3%

You're not logged in!

Compare scores with friends on all Sporcle quizzes.
Join for Free
OR
Log In

You Might Also Like...

Show Comments

Extras

Top Quizzes Today


Score Distribution

Your Account Isn't Verified!

In order to create a playlist on Sporcle, you need to verify the email address you used during registration. Go to your Sporcle Settings to finish the process.

Report this User

Report this user for behavior that violates our Community Guidelines.

Details: